000 00661nmc a2200265 a 4500
003 AR-Y00000XR
005 20251128211615.0
008 277020s1995 ||||||||||||||000 | spa||
020 _a1-85326-360-5
040 _cAR-Y00000XR
100 1 _aLewin, Esther
245 1 0 _aThe Wordsworth thesaurus of slang
246 1 _aThesaurus of slang
260 _aHertfordshire
_bWordsworth Editions
_c1995
300 0 _a456 p.
490 0 _aWordsworth Reference
650 4 _aJERGA
650 4 _aDICCIONARIOS
650 4 _aINGLES
650 4 _aLENGUAJE HABLADO
655 _aREFERENCIA
700 1 _aLewin, Albert E.
942 _cBK
998 _cmi-desc
999 _c20404
_d20404